El mito del gran Madrid / (Record no. 144774)

MARC details
000 -LEADER
campo de control de longitud fija 00726nam a2200229 4500
001 - NÚMERO DE CONTROL
campo de control 144774
003 - IDENTIFICADOR DE NÚMERO DE CONTROL
campo de control ES-MaACL
005 - FECHA Y HORA DE LA ÚLTIMA TRANSACCIÓN
campo de control 20230906201109.0
007 - CAMPO FIJO DE DESCRIPCIÓN FÍSICA--INFORMACIÓN GENERAL
campo de control de longitud fija t|
008 - DATOS DE LONGITUD FIJA--INFORMACIÓN GENERAL
campo de control de longitud fija 070214s1969 sp r ||||1| spa d
080 ## - NÚMERO DE LA CLASIFICACIÓN DECIMAL UNIVERSAL
Número de la Clasificación Decimal Universal 908(464.1 M.)
100 1# - ENTRADA PRINCIPAL--NOMBRE DE PERSONA
Nombre de persona Simancas, Víctor.
9 (RLIN) 106455
245 13 - MENCIÓN DEL TÍTULO
Título El mito del gran Madrid /
Mención de responsabilidad, etc. Víctor Simancas, José Elizalde.
260 ## - PUBLICACIÓN, DISTRIBUCIÓN, ETC.
Lugar de publicación, distribución, etc. Madrid :
Nombre del editor, distribuidor, etc. Guadiana,
Fecha de publicación, distribución, etc. 1969.
300 ## - DESCRIPCIÓN FÍSICA
Extensión 326 p. :
Otras características físicas il. ;
Dimensiones 21 cm.
490 1# - MENCIÓN DE SERIE
Mención de serie Colección Ayer, hoy y mañana de España ;
Designación de volumen o secuencia 7
651 #4 - PUNTO DE ACCESO ADICIONAL DE MATERIA--NOMBRE GEOGRÁFICO
Nombre geográfico Madrid-
Subdivisión general Descripción.
9 (RLIN) 8952
700 1# - ENTRADA AGREGADA--NOMBRE PERSONAL
Nombre de persona Elizalde, José.
9 (RLIN) 47010
830 0# - PUNTO DE ACCESO ADICIONAL DE SERIE-TÍTULO UNIFORME
Título uniforme Colección Ayer, hoy y mañana de España ;
Designación de volumen o secuencia 7
9 (RLIN) 220706
852 ## - LOCALIZACIÓN
Ubicación ES-MaACL
Número de control de estantería C-38850
Sublocalización o colección R.72104
Holdings
Estatus retirado Estado de pérdida Estado de daño No para préstamo Biblioteca de origen Biblioteca actual Ubicación en estantería Fecha de adquisición Fuente de adquisición Total de préstamos Signatura topográfica completa Código de barras Visto por última vez Precio de reemplazo Tipo de ítem Koha
        Biblioteca del Ateneo de Madrid Biblioteca del Ateneo de Madrid Depósito 2 17/01/2008     C-38850 1150982 23/02/2023 23/02/2023 Libro impreso